|
|
|
|
| LEADER |
00950cam a2200277 7i4500 |
| 001 |
0000035152 |
| 005 |
20210107090000.0 |
| 008 |
100724 eng |
| 020 |
|
|
|a 9749823060
|
| 090 |
0 |
0 |
|a RM701.6
|b .K48 2004
|
| 100 |
1 |
|
|a Kettenbach, Ginge
|
| 245 |
1 |
0 |
|a Writing SOAP notes :
|b with patient/client management formats
|c Ginge Kettenbach.
|
| 246 |
3 |
|
|a Writing S.O.A.P. notes.
|
| 250 |
|
|
|a 3rd ed.
|
| 260 |
|
|
|a Philadelphia:
|b F.A. Davis,
|c 2004.
|
| 300 |
|
|
|a viii, 215 p.;
|c 28 cm.
|
| 504 |
|
|
|a Includes bibliographical references
|
| 650 |
0 |
0 |
|a Physical therapy
|
| 650 |
0 |
0 |
|a Occupational therapy
|
| 650 |
0 |
0 |
|a Medical protocols
|
| 650 |
0 |
0 |
|a Note-taking
|
| 997 |
|
|
|a Health Sciences, Faculty
|
| 998 |
|
|
|a Physiotherapy, Diploma
|
| 999 |
|
|
|a 0000025450
|b BOK
|c OPEN SHELF
|e 1st Floor, Shah Alam
|
| 999 |
|
|
|a 0000025451
|b BOK
|c OPEN SHELF
|e 1st Floor, Shah Alam
|
| 999 |
|
|
|a 0000025452
|b BOK
|c OPEN SHELF
|e 1st Floor, Shah Alam
|